Plays for the theatre: an anthology of world drama
Uloženo v:
| Hlavní autoři: | , |
|---|---|
| Médium: | Kniha |
| Jazyk: | angličtina |
| Vydáno: |
Nueva York
Holt, Rinehart and Winston
1974
|
| Vydání: | 3a. ed |
| Témata: | |
| Tagy: |
Přidat tag
Žádné tagy, Buďte první, kdo vytvoří štítek k tomuto záznamu!
|
MARC
| LEADER | 00000nam a2200000 a 4500 | ||
|---|---|---|---|
| 001 | UCU4960 | ||
| 003 | CL-VaPUC | ||
| 005 | 20230816110518.0 | ||
| 008 | 960531e19740000US |||||||||||||||||eng|d | ||
| 999 | |c 248484 |d 248482 | ||
| 040 | |c Pontificia Universidad Católica de Valparaíso | ||
| 082 | 0 | 4 | |a 808.82 |b BRO |2 21 |
| 100 | 0 | |a Brockett, Oscar G |e author |9 362768 | |
| 245 | 1 | 0 | |a Plays for the theatre: an anthology of world drama |
| 250 | |a 3a. ed | ||
| 260 | |a Nueva York |b Holt, Rinehart and Winston |c 1974 | ||
| 300 | |a 638 p | ||
| 583 | |a last modification |c 19960531 00:00:00 |k Rodrigo Vera | ||
| 600 | 0 | |a Sófocles |e autor |9 269407 | |
| 600 | 0 | |a Shakespeare, William |9 265757 | |
| 600 | 0 | |a Molière, Jean-Baptiste, |d 1622-1673 |9 866507 | |
| 600 | 0 | 7 | |a Ionesco, Eugène |d 1909-1994 |9 857967 |
| 600 | 0 | |a Ibsen, Henrik |d 1828-1906 |9 349947 | |
| 600 | 0 | 7 | |a BRECHT, BERTOLT |2 CL-VaPUC |9 311649 |
| 600 | 0 | |a Kaiser, Georg |d 1878-1945 |9 362675 | |
| 650 | 0 | |a Tragedia griega |9 265362 | |
| 650 | 0 | |a Drama inglés |9 311029 | |
| 650 | 0 | |a Drama francés |9 313202 | |
| 650 | 7 | |a DRAMA NORUEGO |2 CL-VaPUC |9 362770 | |
| 650 | 7 | |a DRAMA ALEMAN |2 CL-VaPUC |9 319224 | |
| 700 | 0 | |a Brockett, Lenyth |e author |9 362769 | |
| 852 | |a BIBCUR | ||
| 942 | |c BK |2 ddc | ||
| 945 | |d 19960531 00:00:00 |a rleighto | ||
| 952 | |0 0 |1 0 |4 0 |6 808_820000000000000_BRO_1974 |7 0 |8 A |9 265109 |a BIBEDU |b BIBEDU |d 2019-11-19 |i 3205460 |o 808.82 BRO 1974 |p 3205460 |r 2019-11-19 |w 2019-11-19 |y BK |k LIT | ||